000 00628cam a22002053a 4500
001 33341
003 PGUSA
005 20140828083724.0
008 100803s2010||||xxu|||||s|||||000 | eng d
040 _aPGUSA
_beng
042 _adc
100 1 _aMoody, Dwight Lyman,
_d1837-1899
245 1 0 _aSecret Power ;
_bor, the Secret of Success in Christian Life and Work
_h[electronic resource] /
_cDwight Lyman Moody
260 _bProject Gutenberg,
_c2010
506 _aPublic domain in the USA.
516 _aElectronic text
830 0 _aProject Gutenberg
_v33341
856 4 0 _uhttp://www.gutenberg.org/ebooks/33341
942 _cEB
999 _c262596
_d262596